00521nam a2200157Ia 4500001001000000003000500010008004100015010001100056040000900067110002500076245013900101260005300240300002300293650001500316650003200331Para_6540CHAP220125s1999 xx 000 0 und d a205098 cCHAP aDow Chemical Company aMalezas graminéas? obstruyen los canales de riego?, los desagues?, los caminos? combátalas con Dowpon /c por Dow Chemical Company aMéxico :b Dow Chemical Inter-american Limited a1 hoja desplegable aHerbicidas aMalas hierbas x control